000
00312nam a2200109Ia 4500
008
220204s9999 xx 000 0 und d
082
_a
93/99(47+57)
_b
CAR
100
_a
Carr, E H
245
0
_a
History of Soviet Russia: Foundations of a planned economy 1926-1929
260
_a
London
_b
Macmillan
_c
1971
942
_c
BK
999
_c
31850
_d
31850